Library of the University of Algiers 3
Ibrahim Sultan Cheibout
شعار جامعة الجزائر 3
مكتبة جامعة الجزائر 3
إبراهيم سلطان شيبوط

محاضرات في الإعلام الآلي 4 / (رقم التسجيلة. 41445)

تفاصيل مارك
000 -LEADER
fixed length control field 02334nam a2200217Ia 4500
003 - CONTROL NUMBER IDENTIFIER
control field Ost
005 - DATE AND TIME OF LATEST TRANSACTION
control field 20260416102401.0
008 - FIXED-LENGTH DATA ELEMENTS--GENERAL INFORMATION
fixed length control field 260416s9999||||xx |||||||||||||| ||und||
040 ## - CATALOGING SOURCE
Transcribing agency fsecg
041 ## - LANGUAGE CODE
Language code of text/sound track or separate title ara
082 ## - DEWEY DECIMAL CLASSIFICATION NUMBER
Classification number 0
100 ## - MAIN ENTRY--PERSONAL NAME
Personal name محفوظ، سامي
Relator term مؤلف
245 #0 - TITLE STATEMENT
Title محاضرات في الإعلام الآلي 4 /
Statement of responsibility, etc. سامي محفوظ
260 ## - PUBLICATION, DISTRIBUTION, ETC.
Place of publication, distribution, etc. الجزائر
Name of publisher, distributor, etc. جامعة الجزائر3: كلية العلوم الإقتصادية، العلوم التجارية وعلوم التسيير
Date of publication, distribution, etc. 2024
300 ## - PHYSICAL DESCRIPTION
Extent 118 ورقة
Other physical details ايضاحات
Dimensions 12 سم
504 ## - BIBLIOGRAPHY, ETC. NOTE
Bibliography, etc. note المراجع ص.118
520 ## - SUMMARY, ETC.
Summary, etc. هذه المطبوعة تقدم دليلاً شاملاً ومتكاملاً حول قواعد البيانات وتصميمها وإدارتها. تبدأ بمدخل عام يتناول المفاهيم الأساسية مثل البيانات والمعلومات وأهمية قواعد البيانات، إلى جانب أنواعها ومستخدميها. ينتقل المحتوى إلى نظم إدارة قواعد البيانات (DBMS) ويستعرض وظائفها ومزاياها وعيوبها. كما يتم التعمق في تصميم قواعد البيانات العلائقية باستخدام طريقة "موريز"، بدءًا من النموذج المفاهيمي (CDM) إلى النموذج المنطقي (LDM) وأخيرًا النموذج الفيزيائي (PDM)، مع شرح قواعد الانتقال بينها وتوضيحها بأمثلة تطبيقية. يتضمن الجزء العملي كيفية إنشاء قواعد بيانات باستخدام MS Access، بما يشمل إنشاء الجداول والاستعلامات والنماذج والتقارير. وختامًا، يتم تسليط الضوء على لغة SQL، أهميتها وأوامرها الأساسية المتعلقة بتعريف البيانات ومعالجتها. المطبوعة تُعد مرجعًا مثاليًا للطلاب والمهتمين بأساسيات قواعد البيانات وتصميمها وتنفيذها.
653 ## - INDEX TERM--UNCONTROLLED
Uncontrolled term الإعلام الآلي - محاضرات
710 ## - ADDED ENTRY--CORPORATE NAME
Corporate name or jurisdiction name as entry element جامعة الجزائر3: كلية العلوم الإقتصادية، العلوم التجارية وعلوم التسيير
Relator term ناشر علمي
942 ## - ADDED ENTRY ELEMENTS (KOHA)
Koha item type مطبوعات
المقتنيات
Withdrawn status Lost status Source of classification or shelving scheme Damaged status Not for loan Home library Current library Date acquired Serial enumeration / chronology Inventory number Total checkouts Full call number Barcode Date last seen Price effective from Koha item type
    Dewey Decimal Classification   NOT LOAN / إعارة داخلية مكتبة كلية العلوم الإقتصادية والعلوم التجارية وعلوم التسيير مكتبة كلية العلوم الإقتصادية والعلوم التجارية وعلوم التسيير 16/04/2026 الطابق الثاني مط.884-1   مط.884 مط.884-1 16/04/2026 16/04/2026 مطبوعات

موارد الويب المفتوحة


© University of Algiers 3 All Rights Reserved
|
Implemented by LECHELAH Riad